Top 50 Soccer Teams of America (CONMEBOL) - Statistics

General Stats
  • This quiz has been taken 262 times
    240 since last reset
  • The average score is 27 of 50
Answer Stats
Rank Country Team % Correct
ARG Boca Juniors
98%
ARG River Plate
94%
BRA Santos
91%
12° BRA Flamengo
85%
BRA São Paulo
84%
19° CHL Colo-Colo
79%
18° BRA Fluminense
77%
13° BRA Palmeiras
77%
URU Peñarol
77%
ARG Independiente
76%
11° BRA Gremio
75%
14° BRA SC Corinthians
75%
27° BRA Botafogo
73%
URU Nacional
73%
10° BRA SC Internacional
69%
15° BRA Vasco da Gama
67%
17° BRA Atlético Mineiro
63%
25° ARG Racing Club
63%
BRA Cruzeiro
62%
PAR Olimpia
61%
16° ARG Estudiantes de La Plata
60%
22° ARG San Lorenzo de Almagro
60%
20° COL Atlético Nacional
59%
38° ARG Newell's Old Boys
56%
21° AR Vélez Sarsfield
56%
42° ECU Barcelona de Guayaquil
55%
34° CHL Universidad Católica
54%
31° CHL Universidad de Chile
54%
24° COL América de Cali
50%
39° ARG Argentinos Juniors
47%
23° BRA Bahía
47%
30° ECU LDU Quito
47%
43° ARG Rosario Central
46%
28° BRA Coritiba
45%
48° COL Deportivo Cali
45%
26° PAR Cerro Porteño
44%
33° BRA Atlético Paranaense
42%
41° BRA Goiás
39%
29° BRA Sport Recife
39%
47° BRA Fortaleza
36%
49° PER Universitario
36%
36° COL Millonarios
35%
40° BRA Vitória
34%
44° BRA Ceará
32%
50° BRA Náutico
23%
32° BRA Paysandu
20%
46° BRA Santa Cruz FC
20%
45° BRA CS Alagoano
14%
37° BRA Clube do Remo
12%
35° BRA ABC Futebol Clube
11%
No matching quizzes found
Score Distribution
Percent of People with Each Score
Percentile by Number Answered
Your Score History
You have not taken this quiz since the last reset